000 00339nam a2200121Ia 4500
008 190415s9999 xx 000 0 und d
082 _a305.5209544 NAR-;
100 _aNarain, Iqbal
245 0 _aRural elite in an Indian state: a case study of Rajasthan
260 _aNew Delhi
_bManohar Publishers
_c1976
300 _a256p.
942 _cBK
999 _c19591
_d19591